| 000 | 00827nac a22003137a 4500 | ||
|---|---|---|---|
| 001 | BR7400888 | ||
| 003 | BR-BrBNA | ||
| 005 | 20240105113748.0 | ||
| 008 | 230509b bl.|||m| |||| 00| 0 por d | ||
| 040 |
_aBR-BrBNA _bpor _cBiblioteca Nacional de Agricultura |
||
| 072 | _aQ10 | ||
| 090 | _a0230 BR7400888 | ||
| 100 | 1 | _aSilveira, A.H. do | |
| 245 | 1 | _aProdutos da cana | |
| 250 | 1 | _a2. ed. | |
| 260 | 3 |
_aSao Paulo, SP (Brasil): _bMelhoramentos, _c[nd]. |
|
| 300 | _a31 p. | ||
| 490 |
_aABC do Lavrador Pratico (Brazil) _vno. 15 _x |
||
| 500 | _aPublished after 1960 | ||
| 650 | _aMELADO | ||
| 650 | _aRAPADURA | ||
| 650 | _aACUCAR | ||
| 650 | _aAGUARDENTE | ||
| 650 | _aVINHO | ||
| 650 | _aVINAGRE | ||
| 650 | _aCANA DE ACUCAR | ||
| 909 |
_a202312 _bLúcia Elande _c55 _dLúcia Elande |
||
| 942 |
_2AGRIS _n0 _cMS |
||
| 999 |
_c265416 _d265416 |
||